[Event "GER-chT U16"]
[Site "Darmstadt"]
[Date "2022.12.29"]
[Round "5"]
[White "Popovici, Liviu Daniel"]
[Black "Scheinmaier, Mark"]
[Result "0-1"]
[WhiteElo "1594"]
[BlackElo "1557"]
[PlyCount "86"]
[EventDate "2022.12.26"]
[EventType "team-swiss"]
[EventRounds "7"]
[EventCountry "GER"]
[SourceTitle "CBM 212 Extra"]
[Source "ChessBase"]
[SourceDate "2023.03.31"]
[SourceVersion "1"]
[SourceVersionDate "2023.03.31"]
[SourceQuality "1"]
[WhiteTeam "Vaterstetten Grasbrunn"]
[BlackTeam "Neureut"]
[WhiteTeamCountry "GER"]
[BlackTeamCountry "GER"]

1. e4 e5 2. Nf3 Nf6 3. Nxe5 d6 4. Nf3 Nxe4 5. Qe2 Qe7 6. d4 d5 7. Nc3 c6 8. a3 Bg4 9. Be3 Nd7 10. h3 Bh5 11. g4 Bg6 12. Nxe4 Bxe4 13. Bg2 h6 14. 0-0 g5 15. Rfe1 f5 16. gxf5 Kf7 17. Ne5+ Nxe5 18. Bxe4 dxe4 19. dxe5 Qxe5 20. Qc4+ Qd5 21. Qxd5+ cxd5 22. Bd4 Rh7 23. c4 a6 24. cxd5 Rd8 25. Rxe4 Rxd5 26. f6 Bc5 27. Bxc5 Rxc5 28. Re7+ Kg6 29. Rae1 Rc7 30. R7e3 Rhf7 31. Kg2 Rxf6 32. R1e2 Rfc6 33. b4 Rc3 34. Re6+ Kh5 35. Re7 Rxe7 36. Rxe7 b5 37. Re3 Rxe3 38. fxe3 Kg6 39. Kf3 h5 40. Kg3 Kf5 41. Kf3 g4+ 42. hxg4+ hxg4+ 43. Kg3 Ke4 0-1

[Event "GER-chT U16"]
[Site "Darmstadt"]
[Date "2022.12.27"]
[Round "2"]
[White "Scheinmaier, Mark"]
[Black "Mader, Fabian"]
[Result "0-1"]
[WhiteElo "1557"]
[BlackElo "1819"]
[PlyCount "150"]
[EventDate "2022.12.26"]
[EventType "team-swiss"]
[EventRounds "7"]
[EventCountry "GER"]
[SourceTitle "CBM 212 Extra"]
[Source "ChessBase"]
[SourceDate "2023.03.31"]
[SourceVersion "1"]
[SourceVersionDate "2023.03.31"]
[SourceQuality "1"]
[WhiteTeam "Neureut"]
[BlackTeam "Lahnstein Turm"]
[WhiteTeamCountry "GER"]
[BlackTeamCountry "GER"]

1. e4 c5 2. Nc3 Nc6 3. f4 d6 4. Nf3 g6 5. Bc4 Bg7 6. d3 e6 7. 0-0 Nge7 8. Qe1 0-0 9. Qh4 Na5 10. f5 gxf5 11. Bg5 f6 12. Bh6 Ng6 13. Qh5 Nxc4 14. exf5 Nce5 15. fxg6 Nxg6 16. Rae1 Bd7 17. Re4 e5 18. Ree1 b5 19. Ne2 d5 20. Nh4 Nxh4 21. Qxh4 Bxh6 22. Qxh6 Rf7 23. Ng3 Qf8 24. Qh4 Qe7 25. Nf5 Bxf5 26. Rxf5 Raf8 27. Re3 Rg7 28. Ref3 Rg6 29. b3 Qe6 30. Qf2 Qe7 31. Qh4 Kg7 32. Rh5 Rh8 33. Rhf5 Qe6 34. Qf2 Rc8 35. Kf1 Qa6 36. c3 Rc6 37. h4 Qa3 38. h5 Qc1+ 39. Ke2 Qc2+ 40. Kf1 Qd1+ 41. Qe1 Qxe1+ 42. Kxe1 Rxg2 43. Kf1 Rg5 44. Rxg5+ fxg5 45. Ke2 Rf6 46. Re3 Rf5 47. d4 cxd4 48. cxd4 e4 49. Rc3 a6 50. Rc7+ Kh6 51. Rc6+ Kxh5 52. Rxa6 g4 53. a4 g3 54. axb5 g2 55. Ra1 Kg4 56. b6 Rf3 57. Ra7 Rxb3 58. Rg7+ Kf4 59. Rf7+ Kg5 60. Rg7+ Kf6 61. Rxg2 Rxb6 62. Rf2+ Ke6 63. Rf8 Rb7 64. Ke3 Rf7 65. Re8+ Kd7 66. Re5 Rf3+ 67. Ke2 Kd6 68. Rh5 Rd3 69. Rh6+ Kc7 70. Rxh7+ Kc6 71. Rh6+ Kb5 72. Rh8 Rxd4 73. Rb8+ Kc4 74. Rc8+ Kb3 75. Rc6 Rd3 0-1

[Event "GER-chT U12"]
[Site "Magdeburg"]
[Date "2019.12.30"]
[Round "7.10"]
[White "Scheinmaier, Mark"]
[Black "Wedekind, Ferdinand"]
[Result "1-0"]
[WhiteElo "1399"]
[BlackElo "1215"]
[PlyCount "51"]
[EventDate "2019.12.27"]
[EventType "team-swiss"]
[EventRounds "7"]
[EventCountry "GER"]
[SourceTitle "CBM 194 Extra"]
[Source "ChessBase"]
[SourceDate "2020.03.31"]
[SourceVersion "1"]
[SourceVersionDate "2020.03.31"]
[SourceQuality "1"]
[WhiteTeam "Neureut"]
[BlackTeam "Erlangen"]
[WhiteTeamCountry "GER"]
[BlackTeamCountry "GER"]

1. d4 d5 2. Bf4 Bf5 3. e3 Nf6 4. c4 dxc4 5. Bxc4 e6 6. a3 Bd6 7. Bg3 Bxg3 8. hxg3 0-0 9. Nc3 Nc6 10. Nf3 Qe7 11. Bd3 Bg6 12. Bxg6 hxg6 13. Ne5 Rad8 14. Qf3 Qd6 15. g4 Rfe8 16. Qh3 Kf8 17. Qh8+ Ke7 18. Nxg6+ Kd7 19. Qxg7 Nd5 20. Nb5 Qf8 21. Nxf8+ Rxf8 22. e4 Nde7 23. d5 exd5 24. exd5 Nxd5 25. 0-0-0 Kc8 26. Rxd5 1-0

[Event "GER-chT U12"]
[Site "Magdeburg"]
[Date "2019.12.28"]
[Round "3.9"]
[White "Scheinmaier, Mark"]
[Black "Kiefhaber, Tobias"]
[Result "1/2-1/2"]
[WhiteElo "1399"]
[BlackElo "1483"]
[PlyCount "70"]
[EventDate "2019.12.27"]
[EventType "team-swiss"]
[EventRounds "7"]
[EventCountry "GER"]
[SourceTitle "CBM 194 Extra"]
[Source "ChessBase"]
[SourceDate "2020.03.31"]
[SourceVersion "1"]
[SourceVersionDate "2020.03.31"]
[SourceQuality "1"]
[WhiteTeam "Neureut"]
[BlackTeam "Karlsruhe SF"]
[WhiteTeamCountry "GER"]
[BlackTeamCountry "GER"]

1. d4 Nf6 2. c4 d6 3. Nc3 e5 4. dxe5 dxe5 5. Qxd8+ Kxd8 6. Bg5 c6 7. Nf3 Nbd7 8. 0-0-0 Kc7 9. a3 Ne8 10. e4 f6 11. Be3 Bc5 12. Bxc5 Nxc5 13. b4 Ne6 14. c5 g6 15. Bc4 Nf4 16. Ne1 Be6 17. Bxe6 Nxe6 18. Nf3 N8g7 19. g3 Rad8 20. Rxd8 Rxd8 21. Rd1 Rxd1+ 22. Kxd1 Nd8 23. Nd2 Nge6 24. Ne2 Nf7 25. Kc2 Kd7 26. Kd3 Nc7 27. Nc4 Nh6 28. f3 Nf7 29. Ke3 Ne6 30. Kd3 Kc7 31. a4 b6 32. cxb6+ axb6 33. Ne3 Kd7 34. Nc4 Kc7 35. Ne3 Kd7 1/2-1/2

[Event "GER-chT U12"]
[Site "Magdeburg"]
[Date "2019.12.27"]
[Round "2.8"]
[White "Marcziter, Alex"]
[Black "Scheinmaier, Mark"]
[Result "1-0"]
[WhiteElo "1335"]
[BlackElo "1399"]
[PlyCount "81"]
[EventDate "2019.12.27"]
[EventType "team-swiss"]
[EventRounds "7"]
[EventCountry "GER"]
[SourceTitle "CBM 194 Extra"]
[Source "ChessBase"]
[SourceDate "2020.03.31"]
[SourceVersion "1"]
[SourceVersionDate "2020.03.31"]
[SourceQuality "1"]
[WhiteTeam "Porz SG"]
[BlackTeam "Neureut"]
[WhiteTeamCountry "GER"]
[BlackTeamCountry "GER"]

1. e4 c5 2. Nf3 Nc6 3. d4 cxd4 4. Nxd4 e6 5. c4 Nf6 6. Nc3 Bb4 7. Nxc6 Bxc3+ 8. bxc3 bxc6 9. e5 Ne4 10. Qd4 Qa5 11. Bb2 Rb8 12. Qxe4 Rxb2 13. Qe3 Rxa2 14. Rc1 Ra1 15. f4 Qa3 16. Rxa1 Qxa1+ 17. Kf2 Qb2+ 18. Be2 a6 19. Rd1 a5 20. Qc1 Qb6+ 21. Kf1 0-0 22. Qa3 Qe3 23. g3 Qe4 24. Kf2 f6 25. Bd3 Qxd3 26. Rxd3 fxe5 27. Rf3 e4 28. Re3 d5 29. cxd5 exd5 30. Qxa5 g5 31. Qc7 Bh3 32. Qxc6 gxf4 33. gxf4 Rxf4+ 34. Kg3 Rf3+ 35. Rxf3 exf3 36. Kxh3 f2 37. Qxd5+ Kg7 38. Qf3 Kg6 39. Qxf2 Kh5 40. Qf6 h6 41. Qf5# 1-0